000 02049nam a22005414i 4500
003 PE-LiUPU
005 20250731180059.0
008 131018s2013 ck a g 000 0 spa d
020 _a9588815037
020 _a9789588815039
035 _a(Sirsi) i9789588815039
040 _aCKCOL
_bspa
_erda
_cCKCOL
_dPE-LiUPU
_erda
049 _aPRUA
082 0 4 _a516.362
_bS66
_223
100 1 _aSolanilla Chavarro, Leonardo,
_eautor.
245 1 0 _aFunciones elíp̕tica :
_bLa función seno generalizado /
_cLeonardo Chavarro Solanilla, Ana Celi Acevedo Tamayo, Gabriel Antonio Ocampo Pareja.
264 _aMedellín :
_bUniversidad de Medellín,
_c2013.
300 _a82 páginas :
_bilustraciones ;
_c23 centímetros.
336 _atext
_2rdacontent
337 _aunmediated
_2rdamedia
338 _avolume
_2rdacarrier
504 _aBibliografía : páginas 79-82.
505 0 _aLas funciones circulares -- Las funciones hiperbólicas -- Las funciones lemniscáicas -- Seno generalizado de abel -- Seno generalizado de jacobi -- Cronología conocida de las integrales y las funciones elípticas.
526 _aSEG44
526 _aSEG26
526 _aP159
526 _aP155
526 _aP154
526 _aP153
526 _aP150
526 _aP100
526 _aP31
526 _aP30
526 _aP26
526 _aP25
526 _aP24
526 _aP22
526 _aP15
526 _aP10
700 1 _aPareja Ocampo,Gabriel Antonio,
_eautor.
700 1 _aTamayo Acevedo, Ana Celi,
_eautor.
910 _ajck
_bncf
_cncf
_d20160802
942 _2ddc
_cBOOK
949 _a516.362 E92
_wDEWEY
_c1
_i72480
_d2016-8-22
_e2016-8-19
_lCCODEBUL1
_mBUL
_n2
_p8.32
_r0
_sY
_tBOOK
_u2016-8-2
_xINGENIERIA
_PP04
_0COMPRA
_o.STAFF. Colección General
596 _a1
999 _a516.362 E92
_wDEWEY
_c11687
_i72480
_d11687
_e2016-8-19
_f2021-11-9
_g7
_lCCODEBUL1
_mBUL
_n2
_p8.32
_r0
_sY
_tBOOK
_u2016-8-2
_xINGENIERIA
_PP04
_0COMPRA
_o.STAFF. Colección General
980 _81
_gALBERTO SANCHEZ Responsable de Automatización